000 00510nam a2200121Ia 4500
008 220615s9999||||xx |||||||||||||| ||und||
100 _aHennig, Christian
245 0 _aFrom Data Modeling to Knowledge Engineering in Space System Design
546 _aEnglish[eng]
650 _aWeb Ontology Language||Datenmodellierung||Raumfahrttechnik||System Engineering||Knowledge Engineering||Data Modeling||Systemtechnik||Astronautics||Wissensverarbeitung
856 _uhttps://www.ksp.kit.edu/9783731507208
942 _cEB
999 _c12756
_d12756